| 000 | 00428nam a22001217a 4500 | ||
|---|---|---|---|
| 040 | _cNUST | ||
| 082 | _a411,REA | ||
| 245 |
_aWrite better, Speak Better / _cReader's Digest |
||
| 260 |
_aLahore _bPAF Book Club _c1977 |
||
| 300 | _a730 .p; | ||
| 505 | _aPart-1: How to write Better (Page-3), Part-2: The Tools of the Trade (Page-291), Part-3: How to Speak better (Page-385), Part-4: Four (Page-581). | ||
| 942 |
_2ddc _cBK _k411,REA |
||
| 999 |
_c592949 _d592949 |
||